Регионална библиотека "Любен Каравелов" - Русе

Стилистика на съвременния български книжовен език (Запис номер 3860)

MARC детайли
000 -Лидер
Контролно поле с фиксирана дължина 01478nam a2200349 a 4500
003 - Код на организацията, давaща контролен номер
Контролно поле BLK
005 - Дата и час на последна редакция
Контролно поле 20240124130656.0
008 - Елементи от данни с фиксирана дължина
fixed length control field 180412b bul|||||r ||||||| ||bul||
010 ## - Наследен системен номер
LC control number KNG00004980000
020 ## - Международен стандартен номер на книга ISBN
Международен стандартен номер на книга ISBN 954-524-091-1
040 ## - Източник на каталожния запис
Идентификатор на билиотеката - собственик на записа BLK
041 ## - Код за език
Код за езика на текст/звукозапис или на отделно заглавие Български
Код за езика КДБФ Български
080 ## - УДК
Текстов определител УДК Български език
УДК код - определител по УДК 811.163.2
УДК определител -085(075.8)
УДК - код + определител 811.163.2-085(075.8)
139 ## - Редно поле
Редна дума Станева, Христина Иванова
Авторски знак Coh - C 68
245 10 - Сведения за заглавието
Заглавие Стилистика на съвременния български книжовен език
Подзаглавни данни Уч. помагало за студентите от Великотърновския унив. Св. св. Кирил и Методий
Редно поле (дума) състав. Христина Иванова Станева.
257 ## - Страна на издаване
Страна на създаване/издаване България
260 ## - Област на издателските данни
Място на издаване, разпространение и проч. В. Търново
Име на издателя, разпространителя и проч. Унив. изд. Св. св. Кирил и Методий
Година на издаване 1994
300 ## - Физическа характеристика
Страници 244 с.
Размери/Мащаб 21 см
380 ## - Жанр
Жанр Езикознание. Филология
650 #4 - Допълнително описание по предмет – тема
Основно описание – тема или топоним Български език - стилистика - учебници за ВУЗ
9 (RLIN) 247916
653 ## - Ключова дума – ненормативна
Ключова дума стилистика
653 ## - Ключова дума – ненормативна
Ключова дума български език
653 ## - Ключова дума – ненормативна
Ключова дума учебници за ВУЗ
700 1# - Други автори (авторска отговорност)
Лично име Станева, Христина Иванова
Автороска отговорност (Описва отношението между автора и произведението) състав.
9 (RLIN) 247915
852 ## - Местоположение
Форматна сигнатура Цб 179219
Фондова буква Хранилище
856 4# - Електронен адрес и достъп
Електронен формат pdf - файл
Път до файла /url/
856 4# - Електронен адрес и достъп
Електронен формат pdf - файл
Път до файла /url/
942 ## - АРТИКУЛИ
Вид на библиотечния материал Книги
Скрит в OPAC Не
944 ## - СЪЗДАВАНЕ И РЕДАКЦИЯ на ЗАПИСА
Създаване/Редакция Създаване
Дата на регистрацията/редакция 15.01.2003
Служител, извършил регистрацията/редакцията 30534
Статус, дата на статуса Радостина Карадакова
944 ## - СЪЗДАВАНЕ И РЕДАКЦИЯ на ЗАПИСА
Създаване/Редакция Редакция
Дата на регистрацията/редакция 26.02.2018
Служител, извършил регистрацията/редакцията Симона_Петрова
999 ## - СИСТЕМНИ КОНТРОЛНИ НОМЕРА
Koha biblionumber 3860
Koha biblioitemnumber 3860
999 ## - СИСТЕМНИ КОНТРОЛНИ НОМЕРА
Koha biblioitemnumber 3860
Наличности
Код за отписване Код за изгубен артикул Източник на класификационната схема Код за повреда Коз за рестрикции Код за отдаване Артикулен № Име на библиотеката - собственик Име на библиотеката, в която се намира в момента Статус (Текущо местоположение) Дата на вписване в системата Местоположение - отдел Цена в лева Инвентарен номер Систематично азбучна сигнатура Баркод Номер на екземпляра Цена в евро Служебна бележка Служебен тип на артикула
  Не е изгубен Universal Decimal Classification Не е повреден без рестрикции ползва се в читалня 6891 Регионална библиотека "Любен Каравелов" Русе Регионална библиотека "Любен Каравелов" Русе Хранилище 2001-01-01 Хранилище 0.45 608328 Цб 179219 120000608328 1 0.23 Дост: Dp Вид: Д N: стар фонд Дата: 01.01.1994 Дата инв: 06.08.2015 Бележки инв: Цб2015 Книги
Изтеглен Не е изгубен Universal Decimal Classification Не е повреден без рестрикции заемане за дома 6892 Регионална библиотека "Любен Каравелов" Русе Регионална библиотека "Любен Каравелов" Русе Заемна - подръчен фонд 2001-01-01 Заемна - подръчен фонд 1.00 610769 811.163.2/С 68 Х 610769 2 0.51 Дост: Pk Вид: Ф N: стар фонд Дата: 01.01.1994 Дата инв: 08.02.2018 Бележки инв: П2018 Книги
Изтеглен Не е изгубен Universal Decimal Classification Не е повреден без рестрикции заемане за дома 6893 Регионална библиотека "Любен Каравелов" Русе Регионална библиотека "Любен Каравелов" Русе Заемна - подръчен фонд 2001-01-01 Заемна - подръчен фонд 3.50 610771 П 808.67/С 68 610771 3 1.79 Дост: Pk Вид: Ф N: стар фонд Дата: 01.01.1994 Дата инв: 08.02.2018 Бележки инв: П2018 Книги
Изтеглен Не е изгубен Universal Decimal Classification Не е повреден без рестрикции заемане за дома 6894 Регионална библиотека "Любен Каравелов" Русе Регионална библиотека "Любен Каравелов" Русе Заемна - подръчен фонд 2001-01-01 Заемна - подръчен фонд 0.45 610772 П 808.67/С 68 610772 4 0.23 Дост: Pk Вид: Ф N: стар фонд Дата: 01.01.1994 Книги
  Не е изгубен Universal Decimal Classification Не е повреден без рестрикции заемане за дома 6895 Регионална библиотека "Любен Каравелов" Русе Регионална библиотека "Любен Каравелов" Русе Заемна - подръчен фонд 2001-01-01 Заемна - подръчен фонд 1.00 607476 811.163.2/С 68 Х 120000607476 5 0.51 Дост: Pk Вид: Ф N: стар фонд Дата: 01.01.1994 Дата инв: 08.02.2018 Бележки инв: П2018 Книги
  Не е изгубен Universal Decimal Classification Не е повреден без рестрикции заемане за дома 6896 Регионална библиотека "Любен Каравелов" Русе Регионална библиотека "Любен Каравелов" Русе Заемна - подръчен фонд 1994-01-01 Заемна - подръчен фонд 1.00 607475 811.163.2/С 68 Х с 120000607475 6 0.51 Вид: Сф Дата: 01.01.1994 Дата инв: 26.02.2018 Бележки инв: П2018 Книги
Vip Innovations Ltd, Rousse, Bulgaria 2025